Catholic University of Zimbabwe Library
Online Public Access Catalogue
(OPAC)

76 short stories. (Record no. 4284)

MARC details
000 -LEADER
fixed length control field 00474cam a2200181u 4500
001 - CONTROL NUMBER
control field 0000004457
005 - DATE AND TIME OF LATEST TRANSACTION
control field 20170406115835.0
008 - FIXED-LENGTH DATA ELEMENTS--GENERAL INFORMATION
fixed length control field 841025s1956 enk 000 0 eng
010 ## - LIBRARY OF CONGRESS CONTROL NUMBER
LC control number 65008844
035 ## - SYSTEM CONTROL NUMBER
-- (DLC) 65008844
040 ## - CATALOGING SOURCE
Original cataloging agency DLC
Transcribing agency CarP
Modifying agency DLC
050 00 - LIBRARY OF CONGRESS CALL NUMBER
Classification number PZ3.M9274
Item number Se
Classification number PR6025.U675
100 0# - MAIN ENTRY--PERSONAL NAME
Personal name Saki,
Dates associated with a name 1870-1916.
245 10 - TITLE STATEMENT
Title 76 short stories.
260 ## - PUBLICATION, DISTRIBUTION, ETC.
Place of publication, distribution, etc. London :
Name of publisher, distributor, etc. Collins,
Date of publication, distribution, etc. [1956]
300 ## - PHYSICAL DESCRIPTION
Extent 348 p. ;
Dimensions 19 cm.
908 ## - PUT COMMAND PARAMETER (RLIN)
Put command parameter 140924
Holdings
Withdrawn status Lost status Source of classification or shelving scheme Damaged status Not for loan Home library Current library Shelving location Date acquired Total Checkouts Full call number Barcode Date last seen Copy number Price effective from Koha item type
          CUZ Harare Campus CUZ Harare Campus Open Shelf 06.04.2017   PZ 3.M927 SE BK0005152 22.05.2025 CU10044 06.04.2017 OS Book

OPENING HOURS

Weekdays: 0815hrs - 1800hrs
Weekends:0900hrs - 1200hrs

Closed for Mass:

Mon, Thur: 1200hrs - 1300hrs
Sunday & Public Holiday’s

CALL SUPPORT

0242-570570, 0242-570169
09200664, +263 8644140602

LOCATION

18443, Cranborne Avenue, Hatfield, Harare

Other Links


©2021 | CUZ Library